2007 Commemorative Euro Coins Quiz - Statistics

General Stats
  • This quiz has been taken 9 times
  • The average score is 6 of 8
Answer Stats
Picture Answer % Correct
Portugal
100%
Germany
83%
Monaco
83%
San Marino
83%
Vatican City
83%
Eurozone
50%
Finland
50%
Luxembourg
50%
No matching quizzes found
Score Distribution
Percent of People with Each Score
Percentile by Number Answered
Your Score History
You have not taken this quiz